| 000 | 00000nam##2200000za#4500 |
| 001 | 9.569271 |
| 003 | CaOODSP |
| 005 | 20210624181705 |
| 007 | cr ||||||||||| |
| 008 | 150406|2001||||xxc|||||o f|0| 0 eng|d |
| 040 | |aCaOODSP|beng |
| 043 | |an-cn--- |
| 086 | 1 |aBT31-4/70-2001E-PDF |
| 110 | 1 |aCanada. |bTreasury Board. |
| 245 | 10|aCommission for Public Complaints Against the RCMP, performance report for the period ending March 31, 2001 |h[electronic resource] |
| 260 | |aOttawa - Ontario : |bTreasury Board of Canada Secretariat |cc2001. |
| 300 | |a21p.|borganization chart, tables |
| 490 | 1 |aPerformance report for the period ending March 31, 2001 |vFor the period ending March 31, 2001 |
| 500 | |aThe catalogue number (BT31-4/70-2001) and ISBN (0-660-61681-5) for the bilingual print edition have been incorrectly copied in this electronic publication. |
| 590 | |a12-26-Supp|b2012-06-07 |
| 775 | 08|tCommission des plaintes du public contre la GRC, rapport sur le rendement pour la période se terminant le 31 mars 2001 |w(CaOODSP)9.600498 |
| 776 | 0#|tCommission for Public Complaints Against the RCMP |w(CaOODSP)9.535522 |
| 776 | 0#|tCommission des plaintes du public contre la GRC |w(CaOODSP)9.535523 |
| 830 | #0|aPerformance report for the period ending March 31, 2001 ;|vFor the period ending March 31, 2001|w(CaOODSP)9.506311 |
| 856 | 40|ahttp://publications.gc.ca|qPDF|s307 KB|uhttps://publications.gc.ca/collections/Collection/BT31-4-70-2001E.pdf|yFor the period ending March 31, 2001 |